El alma encantada / (Record no. 132393)
[ view plain ]
| 000 -LEADER | |
|---|---|
| campo de control de longitud fija | 00922nam a2200241 i 4500 |
| 001 - NÚMERO DE CONTROL | |
| campo de control | 132393 |
| 003 - IDENTIFICADOR DE NÚMERO DE CONTROL | |
| campo de control | ES-MaACL |
| 005 - FECHA Y HORA DE LA ÚLTIMA TRANSACCIÓN | |
| campo de control | 20260601155229.0 |
| 007 - CAMPO FIJO DE DESCRIPCIÓN FÍSICA--INFORMACIÓN GENERAL | |
| campo de control de longitud fija | t| |
| 008 - DATOS DE LONGITUD FIJA--INFORMACIÓN GENERAL | |
| campo de control de longitud fija | 070214m19271935fr |||| | spa d |
| 080 ## - NÚMERO DE LA CLASIFICACIÓN DECIMAL UNIVERSAL | |
| Número de la Clasificación Decimal Universal | 821.133.1-32"19" |
| 100 1# - ENTRADA PRINCIPAL--NOMBRE DE PERSONA | |
| Nombre de persona | Rolland, Romain, |
| Fechas asociadas al nombre | 1866-1944 |
| 9 (RLIN) | 239240 |
| 245 13 - MENCIÓN DEL TÍTULO | |
| Título | El alma encantada / |
| Mención de responsabilidad, etc. | Romain Rolland ; versión española de A. Ballesteros de Martos de la 71 edición francesa. |
| 246 1# - FORMA VARIANTE DEL TITULO | |
| Título propio/Titulo breve | Anita y Silvia |
| 246 1# - FORMA VARIANTE DEL TITULO | |
| Título propio/Titulo breve | Madre e hijo |
| 260 ## - PUBLICACIÓN, DISTRIBUCIÓN, ETC. | |
| Lugar de publicación, distribución, etc. | Paris : |
| Nombre del editor, distribuidor, etc. | Ediciones Literarias, |
| Fecha de publicación, distribución, etc. | 1927-1935. |
| 300 ## - DESCRIPCIÓN FÍSICA | |
| Extensión | 7 v. (4 t. en 7 v.) ; |
| Dimensiones | 19 cm. |
| 505 8# - NOTA DE CONTENIDO CON FORMATO | |
| Nota de contenido con formato | Contiene: I ; |
| Título | Anita y Silvia - II ; |
| -- | El verano - III-1 ; |
| -- | Madre e hijo - IV-1 ; |
| -- | Madre e hijo - IV-2 ; |
| -- | La anunciadora (Anna Nuncia) - IV-3 ; |
| -- | La gestación - IV-4 ; |
| -- | Mayo florentino |
| 700 1# - ENTRADA AGREGADA--NOMBRE PERSONAL | |
| Nombre de persona | Ballesteros de Martos, Antonio. |
| 9 (RLIN) | 25052 |
| 740 32 - ENTRADA AGREGADA--TÍTULO RELACIONADO/ANALÍTICO NO CONTROLADO | |
| Título relacionado o analítico no controlado | El verano. |
| 852 ## - LOCALIZACIÓN | |
| Ubicación | ES-MaACL |
| Número de control de estantería | D-6161-67 |
| Estatus retirado | Estado de pérdida | Estado de daño | No para préstamo | Biblioteca de origen | Biblioteca actual | Ubicación en estantería | Fecha de adquisición | Fuente de adquisición | Total de préstamos | Signatura topográfica completa | Código de barras | Visto por última vez | Precio de reemplazo | Tipo de ítem Koha |
|---|---|---|---|---|---|---|---|---|---|---|---|---|---|---|
| Biblioteca del Ateneo de Madrid | Biblioteca del Ateneo de Madrid | Sala Valle Inclán | 17/01/2008 | D-6161-67 | 901137838 | 23/02/2023 | 23/02/2023 | Libro impreso |
